| 000 | 00662nam a2200181Ia 4500 | ||
|---|---|---|---|
| 003 | GCL | ||
| 008 | 140319s9999 xx 000 0 ara d | ||
| 040 |
_aGCL / _cGCL |
||
| 082 | 0 | 4 |
_a327.730569 _bم ف |
| 100 | 1 | _aميخائيل سليمان | |
| 245 | 1 | 0 |
_aفلسطين والسياسة الامريكية من ويلسون الى كلينتون / _cميخائيل سليمان |
| 300 | _a362 ص | ||
| 490 |
_aالهيئة العامة للاستعلامات _v0 |
||
| 650 | 0 | 4 | _aالولايات المتحدة الامريكية |
| 650 | 0 | 4 | _aالعلاقات الدولية |
| 650 | 0 | 4 | _aفلسطين - العلاقات الخارجية |
| 942 |
_2ddc _cBK |
||
| 999 |
_c48924 _d48924 |
||